000
00339 a2200169 4500
001
187375
020
_a
85-08-02849-0
040
_c
Magnum
100
_a
Galdino, Luiz
240
1
0
_a
Pega ladrão
_l
por
245
1
0
_a
Pega ladrão
300
_a
94
362
0
_a
1988
440
1
_a
Ática
697
_a
LITERATURA JUVENIL
942
_c
BK
999
_c
187375
_d
187375